| 000 | 00614nab a2200181 a 4500 | ||
|---|---|---|---|
| 005 | 20210223131652.0 | ||
| 008 | 991125s1985 mx 000 0 spa u | ||
| 035 | _aUPN01000183275 | ||
| 222 | 0 | _aREVISTA ESPAÑOLA DE PEDAGOGIA | |
| 245 | 0 | 0 | _aAnálisis de la participación del alumnado universitario en la evaluación de su aprendizaje |
| 300 | _a401-426 | ||
| 362 | 0 | _a2011 Año 69, no. 250, sept.-dic. | |
| 653 | 0 | _aESTUDIANTE UNIVERSITARIO | |
| 653 | 0 | _aUNIVERSIDAD DE SEVILLA, ESPAÑA | |
| 653 | 0 | _aEVALUACION COMPARTIDA | |
| 700 | 1 |
_aAlvarez Rojo, Víctor Benito, _ecoaut. _930782 |
|
| 905 | _aArticulo | ||
| 999 |
_c155378 _d155378 |
||